| 000 -ლიდერი |
| ფიქსირებული სიგრძის საკონტროლო ველი |
02429nam a2200277Ia 4500 |
| 001 - საკონტროლო ნომერი |
| საკონტროლო ველი |
23450 |
| 003 - საკონტროლო ნომრის იდენტიფიკატორი |
| საკონტროლო ველი |
GE_BSU |
| 005 - ბოლო ოპერაციის თარიღი და დრო |
| საკონტროლო ველი |
20260121153348.0 |
| 008 - ფიქსირებული სიგრძის მონაცემთა ელემენტები - ზოგადი ინფორმაცია |
| ფიქსირებული სიგრძის საკონტროლო ველი |
181216s1999||||ge |||||||||||||| ||geo|| |
| 040 ## - კატალოგიზაციის წყარო |
| Transcribing agency |
GE_BSU |
| 041 ## - ენის კოდი |
| Language code of text/sound track or separate title |
geo |
| 080 ## - უნივერსალური ათობითი კლასიფიკაციის ინდექსი |
| Universal Decimal Classification number |
94(560)"13/15" + 94(479.22:560) ს-45 |
| 100 ## - მთავარი ჩანაწერი - პიროვნების სახელი |
| Personal name |
სვანიძე, მიხეილ |
| 9 (RLIN) |
5829 |
| 245 ## - ცნობა სათაურის შესახებ |
| Title |
ოსმალეთის ისტორია. ტომი 1,...(XIV-XVI სს.) / |
| Statement of responsibility, etc |
მიხეილ სვანიძე ; რედაქტორი გ. ბერაძე ; საქ. მეცნ. აკად., აღმოსავლეთმცოდნ. ინ-ტი, აღმ.-დას. ურთ. კვლევის საერთ. ცენტრი, თბილისის აზიისა და აფრიკის ინ-ტი. |
| 264 ## - წარმოების, გამოცემის, დისტრიბუციის და სხვა ცნობები |
| გამოცემის, წარმოების, დისტრიბუციის... ადგილი |
თბილისი : |
| გამოცემის, წარმოების, დისტრიბუციის... სახელწოდება |
ქრონოგრაფი, |
| გამოცემის, წარმოების, დისტრიბუციის... თარიღი |
1999. |
| 300 ## - ფიზიკური აღწერა |
| Extent |
276 გვ. ; |
| Dimensions |
20 სმ. |
| 500 ## - ზოგადი შენიშვნა |
| General note |
წიგნში განხილულია ოსმალეთის სახელმწიფოს დაარსების, ჩამოყალიბებისა და იმპერიაში გადაზრდის ისტორია. მასში სათანადოდ არის გაშუქებული ოსმალეთ-საქართველოს ურთიერთობის საკითხები |
| 504 ## - BIBLIOGRAPHY, ETC. NOTE |
| Bibliography, etc |
ბიბლიოგრაფია: გვ. 264-272 |
| 546 ## - LANGUAGE NOTE |
| Language note |
პარალ. თავფ. რუს. და ინგლ. ენ. |
| 653 ## - INDEX TERM--UNCONTROLLED |
| Uncontrolled term |
ოსმალეთის ისტორია:(XIV-XVI სს.) |
| 653 ## - INDEX TERM--UNCONTROLLED |
| Uncontrolled term |
საქართველო-ოსმალეთის ურთიერთობების ისტორია |
| 700 ## - ADDED ENTRY--PERSONAL NAME |
| Personal name |
ბერაძე, გ. |
| Relator term |
რედაქტორი |
| 9 (RLIN) |
10073 |
| 710 ## - ADDED ENTRY--CORPORATE NAME |
| Corporate name or jurisdiction name as entry element |
საქართველოს მეცნიერებათა აკადემია. აღმოსავლეთმცოდნეობის ინსტიტუტი |
| Subordinate unit |
აღმოსავლეთ-დასავლეთის ურთიერთობათა კვლევის საერთაშორისო ცენტრი. თბილისის აზიისა და აფრიკის ინსტიტუტი |
| 9 (RLIN) |
26715 |
| 942 ## - ADDED ENTRY ELEMENTS (KOHA) |
| Koha item type |
წიგნი |
| Source of classification or shelving scheme |
|